000 00590nam a2200205 a 4500
008 951213s1978||||[C 0 slo c
020 _c10 Kčs.
_q(4000 výtl.)
040 _aSNK
_bslo
_cSNK
_eAACR2
041 1 _aslo
_hslo
044 _axo
_cSK
080 _a885.4-3
100 1 _aDvořáková, Helena
_4aut
245 1 0 _aFúkni do púpavy
_cHelena Dvořáková ; Stanislav Dusík
250 _a1., vyd.
260 _aBratislava
_bPravda
_c1978
_eBratislava
_fPravda
300 _a127 s., 4,46 AH
_c20 cm
500 _aIlustr. na front.
700 1 _aDusík, Stanislav
_4bkd
958 _aA
999 _c10440
_d10440